Normal view
MARC view
Entry Topical Term
001 - CONTROL NUMBER
- control field: 42742
003 - CONTROL NUMBER IDENTIFIER
- control field: ARRUPE
005 - DATE AND TIME OF LATEST TRANSACTION
- control field: 20181003110209.0
008 - FIXED-LENGTH DATA ELEMENTS
- fixed length control field: 181003|| aca||aabn | a|a d
040 ## - CATALOGING SOURCE
- Original cataloging agency: ARRUPE
- Transcribing agency: ARRUPE
150 ## - HEADING--TOPICAL TERM
- Topical term or geographic name as entry element: Nyakyusa (African people)
670 ## - SOURCE DATA FOUND
- Source citation: Work cat.: (ARRUPE)0: Wilson, Monica Hunter. 39621, Communal rituals of the Nyakyusa., 1959.